Impact of dividend policy on shareholder wealth with reference to consumer cyclical sector (Record no. 291066)
[ view plain ]
| 000 -LEADER | |
|---|---|
| fixed length control field | 00439nam a2200145Ia 4500 |
| 008 - FIXED-LENGTH DATA ELEMENTS--GENERAL INFORMATION | |
| fixed length control field | 240126s9999 xx 000 0 und d |
| 041 ## - LANGUAGE CODE | |
| Language code of text/sound track or separate title | English |
| 082 ## - DEWEY DECIMAL CLASSIFICATION NUMBER | |
| Classification number | PRMBA20-3002 |
| 100 ## - MAIN ENTRY--PERSONAL NAME | |
| Personal name | Pavan K. |
| 245 #0 - TITLE STATEMENT | |
| Title | Impact of dividend policy on shareholder wealth with reference to consumer cyclical sector |
| Remainder of title | Ramesh Rajagopalan CMA. |
| 260 ## - PUBLICATION, DISTRIBUTION, ETC. | |
| Name of publisher, distributor, etc. | PES University |
| Place of publication, distribution, etc. | Bangalore |
| 440 ## - SERIES STATEMENT/ADDED ENTRY--TITLE | |
| Title | NULL |
| 650 ## - SUBJECT ADDED ENTRY--TOPICAL TERM | |
| Topical term or geographic name entry element | Financial Management |
| 942 ## - ADDED ENTRY ELEMENTS (KOHA) | |
| Koha item type | Project Reports |
| Date last seen | Total checkouts | Full call number | Accession number | Volume/Issue Number | Price effective from | Category | Public note | Lost status | Damaged status | Department | Withdrawn status | Home library | Current library | Shelving location | Entry date | Currency symbol | Conversion rate | Discount |
|---|---|---|---|---|---|---|---|---|---|---|---|---|---|---|---|---|---|---|
| 26/01/2024 | PRMBA20-3002 | PR3002 | (12/07/1905) | 26/01/2024 | Project Reports | Financial project | MBA | Central Library | Central Library | Central Library | RS | 1 |
